000 01218naa a22003137a 4500
001 BR9406615
003 BR-BrBNA
005 20240918181300.0
007 ta
008 230509b bl.||||| |||| 00| 0 por d
040 _aBR-BrBNA
_bpor
_cBiblioteca Nacional de Agricultura
041 _a(Pt)
072 _aP32
090 _aP32 BR9406615
100 1 _aCunha, F.M.B. da
100 1 _aAppi, V.T.
111 1 _a1. Simposio Internacional de Estudos Ambientais em Florestas Tropicais Umidas
_cManaus, AM (Brazil)
_d7-13 Oct 1990
245 1 _aControle geologico na definicao de grandes dominios ambientais na planicie amazonica
260 3 _aRio de Janeiro, RJ (Brasil):
_c1992.
500 _aAnais do 1. Simposio Internacional de Estudos Ambientais em Florestas Tropicais Umidas Rio de Janeiro, RJ (Brasil): 1992. p. 30-45 (BR9406615-AM)P32
650 _aSolo
650 _aGeologia
650 _aBacia Hidrografica
650 _aZoneamento Ecologico
650 _aAmazonia
773 0 _tAnais do 1. Simposio Internacional de Estudos Ambientais em Florestas Tropicais Umidas
_wP32 BR9406615
_gRio de Janeiro, RJ (Brasil), 1992. p. 30-45
909 _a202404
_bLucia
_c55
_dLucia Elande
942 _cAM
_2AGRIS
999 _c324532
_d324532